| 000 | 00681nam a22002177a 4500 | ||
|---|---|---|---|
| 999 |
_c22426 _d22426 |
||
| 003 | OSt | ||
| 005 | 20220613083508.0 | ||
| 008 | 180228s2017 pe 000 0 spa | ||
| 020 | _a9786124262609 | ||
| 040 | _cBiblioteca Municipal de Cusco | ||
| 082 |
_a869.57/G186C _bG186C |
||
| 100 |
_aGamboa, Jeremías _d1975- _eautor _948133 |
||
| 245 |
_aContarlo todo / _cJeremías Gamboa |
||
| 250 | _aPrimera edición, primera reimpresión | ||
| 264 | 1 |
_aLima : _bDebolsillo, _c2020. |
|
| 300 |
_a507 páginas ; _c19 cm. |
||
| 490 | _aContemporánea / Debolsillo | ||
| 650 |
_aNovelas peruanas _ySiglo XXI _947970 |
||
| 830 |
_aContemporánea (Debolsillo) _948082 |
||
| 942 |
_2ddc _cLIBROS |
||